Πρακτικά συμποσίου "Λεόντιος Μαχαιράς - Γεώργιος Βουστρώνιος, δύο χρονικά της Μεσαιωνικής Κύπρου" : Λευκωσία 21 Σεπτεμβρίου, 1996

Αποθηκεύτηκε σε:
Λεπτομέρειες βιβλιογραφικής εγγραφής
Συλλογικό Έργο: Λεβέντειο Δημοτικό Μουσείο Λευκωσίας, Ίδρυμα Αναστασίου Γ. Λεβέντη (Κύπρος) (f)
Μορφή: Βιβλίο
Γλώσσα:Greek
Δημοσίευση: Λευκωσία : Ίδρυμα Αναστάσιος Γ. Λεβέντης, 1996
Θέματα:
Ετικέτες: Προσθήκη ετικέτας
Δεν υπάρχουν, Καταχωρήστε ετικέτα πρώτοι!

MARC

LEADER 00000cam a2200000 i 4500
001 1/47699
008 070706s1996 gre d
020 |a 9963-575-22-6 (hbk.) 
035 |l 10088711 
040 |a GR-MY-UA  |b gre  |e aacr 
041 0 |a gre 
082 0 |a 956.93  |2 (22) 
110 2 |a Λεβέντειο Δημοτικό Μουσείο Λευκωσίας. 
245 1 0 |a Πρακτικά συμποσίου "Λεόντιος Μαχαιράς - Γεώργιος Βουστρώνιος, δύο χρονικά της Μεσαιωνικής Κύπρου" :  |b Λευκωσία 21 Σεπτεμβρίου, 1996 /  |c χορηγός Ίδρυμα Αναστάσιος Γ. Λεβέντης 
260 |a Λευκωσία :   |b Ίδρυμα Αναστάσιος Γ. Λεβέντης,   |c 1996 
300 |a 122 σ.;  |b έγχρ. εικ.;  |c 30 εκ. 
500 |a Έκδοση των Πρακτικών του Συμποσίου που διοργανώθηκε από το Λεβέντειο Δημοτικό Μουσείο Λευκωσίας μέσα στα πλαίσια των ετήσιων Πολιτιστικών εκδηλώσεων του Δήμου Λευκωσίας που έγιναν το 1996 με τον Γενικό τίτλο: "Μέρες Πολιτισμού στην Παλιά Λευκωσία, Αναφορά στο Χρονικό του Μαχαιρά και του Βουστρώνιου" 
504 |a Περιλαμβάνει βιβλιογραφίες 
600 1 0 |a Μαχαίρας, Λεόντιος,   |d 14ος/15ος αι. 
600 1 0 |a Βουστρώνιος, Γεώργιος. 
651 0 |a Cyprus  |x History  |y Lusignan dynasty, 1192-1474  |x Congresses. 
710 2 |a Ίδρυμα Αναστασίου Γ. Λεβέντη (Κύπρος)  |4 f  |4 pbl 
852 |a INST  |b RHODES  |e 20070706  |h 956.93 ΛΕΒ  |p 005400026409  |q 005400026409  |t BK  |y 0 
901 |a BIBL4-2007-2 
909 |a Ρ  |b 128018 
970 |a ΧΑΡΙΟΠΟΛΙΤΟΥ  |b ΚΩΝΣΤΑΝΤΙΝΑ  |z 2007/07/06